000 00480 a2200193 4500
005 20251215161740.0
008 251215b |||||||| |||| 00| 0 eng d
020 _a9789354665332
_cRs. 650.00
040 _aMAIN
082 _a576
_bA67P(3)
100 _aArora, Bharti
245 _aPractical microbiology
250 _a3rd
260 _bCBS Publishers and Distributors
_c2025
_aNew Delhi
300 _a304
650 _aMicrobiology
700 _aArora, D R
942 _cBK
999 _c393670
_d393670